| 000 | 00445nam a2200133 i 4500 | ||
|---|---|---|---|
| 001 | 52765 | ||
| 003 | ES-MaACL | ||
| 005 | 20230906162637.0 | ||
| 007 | t| | ||
| 008 | 030904s1907 sp ||||1| spa d | ||
| 245 | 0 | 0 | _aReal decreto de 22 de marzo de 1907 sobre concentración parcelaria y memoria sintética explicativa del mismo. |
| 260 |
_aMadrid : _b[s.n.], _c1907 ( _fImp. de la Suc. de M. Minuesa de los Ríos) |
||
| 852 |
_aES-MaACL _jT-1248-F-8 |
||
| 999 |
_c52765 _d52765 |
||